| Tag |
First Indicator |
Second Indicator |
Subfields |
| LEADER |
00000cam a2200000 a 4500 |
| 001 |
in00001314313 |
| 005 |
20151005061136.0 |
| 008 |
950504s1996 iluc bk 001 0 eng |
| 010 |
|
|
|a 95019593
|
| 020 |
|
|
|a 0252022084 (cloth : alk. paper)
|
| 020 |
|
|
|a 0252065069 (paper : alk. paper)
|
| 035 |
|
|
|a (OCoLC)32509507
|
| 035 |
|
|
|9 AHB4036AM
|
| 040 |
|
|
|a DLC
|c DLC
|d TXA
|d UtOrBLW
|
| 043 |
|
|
|a n-us-il
|
| 049 |
|
|
|a TXAM
|
| 050 |
0 |
0 |
|a ML3527
|b .P78 1996
|
| 082 |
0 |
0 |
|a 782.42164
|2 20
|
| 100 |
1 |
|
|a Pruter, Robert,
|d 1944-
|
| 245 |
1 |
0 |
|a Doowop :
|b the Chicago scene /
|c Robert Pruter.
|
| 264 |
|
1 |
|a Urbana, Ill. :
|b University of Illinois Press,
|c [1996]
|
| 264 |
|
4 |
|c ©1996
|
| 300 |
|
|
|a xiv, 304 pages :
|b portraits ;
|c 24 cm.
|
| 336 |
|
|
|a text
|b txt
|2 rdacontent
|
| 337 |
|
|
|a unmediated
|b n
|2 rdamedia
|
| 338 |
|
|
|a volume
|b nc
|2 rdacarrier
|
| 490 |
1 |
|
|a Music in American life
|
| 504 |
|
|
|a Includes bibliographical references (pages [267]-276), discography (pages [253]-262) and index.
|
| 650 |
|
0 |
|a Doo-wop (Music)
|z Illinois
|z Chicago
|x History and criticism.
|
| 830 |
|
0 |
|a Music in American life.
|
| 999 |
|
|
|a MARS
|
| 999 |
f |
f |
|s d7e4c53e-9b22-3258-81a6-d41ba9ddd8c2
|i cc174b6e-23ca-3814-80e2-fb645652dc50
|t 0
|
| 952 |
f |
f |
|p ric
|a Texas A&M University
|b Rellis Campus
|c Joint Library Facility
|d Remote Storage
|t 0
|e ML3527 .P78 1996
|h Library of Congress classification
|i unmediated -- volume
|m A14820158951
|
| 998 |
f |
f |
|a ML3527 .P78 1996
|t 0
|l Remote Storage
|